Phương pháp daÌ£y hoÌ£c hóa hoÌ£c DuÌ€ng cho sinh viên ban Hóa - Sinh CĐSP TâÌ£p môÌ£t

TriÌ€nh baÌ€y những vấn đêÌ€ đaÌ£i cương vaÌ€ cơ bản nhất của phương pháp daÌ£y hoÌ£c hóa hoÌ£c ở trươÌ€ng phổ thông: đối tươÌ£ng, phương pháp, nhiêÌ£m vuÌ£ vaÌ€ các phương pháp tổ chức giảng daÌ£y...

ver descrição completa

Na minha lista:
Detalhes bibliográficos
Autor principal: Nguyễn, Cương
Outros Autores: Nguyễn, MaÌ£nh Dung
Formato: Livro
Idioma:Undetermined
Publicado em: H. Giáo dục 2000
Assuntos:
Acesso em linha:http://lrc.tdmu.edu.vn/opac/search/detail.asp?aID=2&ID=7185
Tags: Adicionar Tag
Sem tags, seja o primeiro a adicionar uma tag!
Thư viện lưu trữ: Trung tâm Học liệu Trường Đại học Thủ Dầu Một
LEADER 01336nam a2200241Ia 4500
001 TDMU_7185
008 210410s9999 xx 000 0 und d
082 |a 540.71 
090 |b NG528 
100 |a Nguyễn, Cương 
245 0 |a Phương pháp daÌ£y hoÌ£c hóa hoÌ£c 
245 0 |b DuÌ€ng cho sinh viên ban Hóa - Sinh CĐSP 
245 0 |c Nguyễn Cương (chủ biên), Nguyễn MaÌ£nh Dung, Nguyễn ThiÌ£ Sửu 
245 0 |n TâÌ£p môÌ£t 
260 |a H. 
260 |b Giáo duÌ£c 
260 |c 2000 
300 |a 243tr. 
520 |a TriÌ€nh baÌ€y những vấn đêÌ€ đaÌ£i cương vaÌ€ cơ bản nhất của phương pháp daÌ£y hoÌ£c hóa hoÌ£c ở trươÌ€ng phổ thông: đối tươÌ£ng, phương pháp, nhiêÌ£m vuÌ£ vaÌ€ các phương pháp tổ chức giảng daÌ£y 
650 |a Phương pháp daÌ£y hoÌ£c - Hóa hoÌ£c; Hóa hoÌ£c; Phương pháp daÌ£y hoÌ£c 
700 |a Nguyễn, MaÌ£nh Dung 
856 |u http://lrc.tdmu.edu.vn/opac/search/detail.asp?aID=2&ID=7185 
980 |a Trung tâm Học liệu Trường Đại học Thủ Dầu Một